The first Russian women physicians /

Guardat en:
Dades bibliogràfiques
Autor principal: Tuve, Jeanette E., 1914-
Format: Llibre
Idioma:English
Publicat: Newtonville, Mass. : Oriental Research Partners, 1984.
Col·lecció:Russian biography series 6.
Matèries:
LEADER 01042nam a2200277 a 4500
001 c000166625
003 CARM
005 20030701131000.0
008 860120s1984 mauc b 001 0 eng d
019 1 |a 3293099  |5 LACONCORD2021 
020 |a 0892502142 
035 |a (OCoLC)10582996  |5 LACONCORD2021 
040 |a SUA  |b eng  |c SUA  |d SUA 
043 |a e-ur--- 
082 1 4 |a 610.69520947  |2 19 
100 1 |a Tuve, Jeanette E.,  |d 1914- 
245 1 4 |a The first Russian women physicians /  |c Jeanette E. Tuve. 
260 |a Newtonville, Mass. :  |b Oriental Research Partners,  |c 1984. 
300 |a [vi], 147 p., [1] leaf of plates :  |b ports. ;  |c 23 cm. 
440 0 |a Russian biography series  |v 6. 
500 |a Includes index. 
504 |a Bibliography: p. 131-142. 
650 0 |a Women physicians  |z Soviet Union  |x History. 
852 8 |b CARM  |h A2:AJ12B0  |i B05215  |p 0230377  |f BK 
999 f f |i 504be9c3-cda4-5b53-9766-7412b7c16458  |s c780d955-5fd0-5b76-8a42-41db5d34b95f 
952 f f |p Can circulate  |a CAVAL  |b CAVAL  |c CAVAL  |d CARM 1 Store  |e B05215  |f A2:AJ12B0  |h Other scheme  |i book  |m 0230377